| 000 | 00499nam a2200157 i 4500 | ||
|---|---|---|---|
| 001 | 58862 | ||
| 003 | ES-MaACL | ||
| 005 | 20230906163915.0 | ||
| 007 | t| | ||
| 008 | 031024s1969 sp ||||1| spa d | ||
| 100 | 1 |
_aEguia, José I. _946742 |
|
| 245 | 1 | 0 |
_aPatronato San Miguel _b: 1969 : Obra social / _cdirección de José I. Eguia. |
| 260 |
_aSan Sebastián : _bCaja de Ahorros Municipal de San Sebastián, _c[1969] |
||
| 300 |
_a136 p. : _bil. ; _c23 cm. |
||
| 852 |
_aES-MaACL _jC-46699 _bR.71310 |
||
| 999 |
_c58862 _d58862 |
||